[Event "Titled Tue 10th Jun Late"]
[Site "chess.com INT"]
[Date "2025.06.10"]
[Round "9"]
[White "Annaberdiyev, Meylis"]
[Black "Khanbutaev, Artemii"]
[Result "1-0"]
[WhiteTitle "GM"]
[WhiteElo "2436"]
[BlackElo "2139"]
[WhiteFideId "14000563"]
[BlackFideId "55747175"]
[EventDate "2025.06.10"]

1. e4 e5 2. Nc3 Nf6 3. Bc4 Nxe4 4. Qh5 Nd6 5. Bb3 Be7 6. Qxe5 O-O 7. Nf3 Bf6 8.
Qf4 Re8+ 9. Kf1 Nc6 10. Nd5 Be5 11. Nxe5 Nxe5 12. d4 Ng6 13. Qg5 c6 14. Qxd8
Rxd8 15. Nf4 Nxf4 16. Bxf4 Nf5 17. d5 Nd4 18. d6 Nxb3 19. axb3 b6 20. h4 f6 21.
Rh3 c5 22. Re3 Bb7 23. Re7 Bc6 24. Rae1 Kf8 25. h5 Re8 26. f3 h6 27. Kf2 Rxe7
28. dxe7+ Kf7 29. Bc7 Re8 30. Bd8 d5 31. g4 Bb7 32. Kg3 Bc6 33. c3 b5 34. b4
cxb4 35. cxb4 d4 36. Rd1 Bb7 37. Rxd4 Bc6 38. Rd6 Bb7 39. Rd7 Bc6 40. Rxa7 Bd5
41. f4 Bb3 42. f5 Bc4 43. Kf4 Bb3 44. Ke3 Bc4 45. Kd4 Bf1 46. Kc5 Be2 47. Rb7
Bf1 48. Rxb5 Be2 49. Rb8 Bxg4 50. b5 Bxf5 51. b6 Be4 52. Kd6 f5 53. Ke5 g5 54.
hxg6+ Kxg6 55. Rc8 h5 56. Rc4 h4 57. Kf4 h3 58. Kg3 Bd5 59. Rd4 f4+ 60. Kxh3 Bc6
61. Kg4 Kf6 62. Rd6+ Ke5 63. Rxc6 Kd5 64. Rc3 1-0

[Event "Titled Tue 10th Jun Late"]
[Site "chess.com INT"]
[Date "2025.06.10"]
[Round "9"]
[White "Schnaider, Ilan"]
[Black "Makridis, Dimitrios"]
[Result "0-1"]
[WhiteTitle "IM"]
[BlackTitle "FM"]
[WhiteElo "2388"]
[BlackElo "2283"]
[WhiteFideId "169013"]
[BlackFideId "25864475"]
[EventDate "2025.06.10"]

1. d4 Nf6 2. Nc3 g6 3. e4 d6 4. f4 Bg7 5. Bd3 O-O 6. Nf3 Nc6 7. e5 Ne8 8. O-O
Bg4 9. Be3 Nb4 10. Be2 Bf5 11. Rc1 c6 12. Nh4 Bd7 13. Bc4 Nd5 14. Nxd5 cxd5 15.
Bxd5 e6 16. f5 Qxh4 17. fxe6 fxe6 18. Bxb7 Rxf1+ 19. Qxf1 Rb8 20. Qa6 Bh6 21.
Bxh6 Qxh6 22. Rf1 Qe3+ 23. Kh1 Qxd4 24. exd6 Qxd6 25. Qxa7 Qc7 26. Qf2 Nd6 27.
Ba6 Qb6 28. Qe2 Qxb2 29. a4 Qb4 30. Rd1 Rb6 31. h3 Ne4 32. Qf3 Bc6 33. Rf1 Rxa6
34. Qf7+ Kh8 35. Qf4 Qe7 36. Qe5+ Kg8 37. Qb8+ Kg7 38. Qe5+ Nf6 39. Kh2 Rxa4 40.
g4 Re4 41. Qc3 Qd6+ 42. Kg1 e5 43. g5 Nd5 44. Qf3 Rf4 45. Qe2 Qc5+ 46. Kh2 Rxf1
47. Qxe5+ Kf7 48. Qe2 Qf2+ 49. Qxf2+ Rxf2+ 50. Kg3 Rxc2 51. Kg4 Rc4+ 52. Kg3 Rf4
53. h4 Ke6 54. h5 Kf5 55. hxg6 hxg6 56. Kh3 Kxg5 57. Kg3 Kf5 58. Kh3 Rg4 59. Kh2
Kf4 60. Kh3 Kf3 61. Kh2 Rh4+ 62. Kg1 Rh3 63. Kf1 Rh1# 0-1

[Event "Titled Tue 10th Jun Late"]
[Site "chess.com INT"]
[Date "2025.06.10"]
[Round "9"]
[White "Qi, Jenny"]
[Black "Andrade, Ivan"]
[Result "1-0"]
[WhiteTitle "WFM"]
[BlackTitle "FM"]
[WhiteElo "1946"]
[BlackElo "2144"]
[WhiteFideId "30995914"]
[BlackFideId "14800039"]
[EventDate "2025.06.10"]

1. d4 Nf6 2. Bf4 d6 3. Nf3 g6 4. e3 Bg7 5. Bd3 Nh5 6. Bg3 Nxg3 7. hxg3 Bg4 8.
Nbd2 c5 9. c3 Nd7 10. Qb3 Qb6 11. Ng5 Qxb3 12. axb3 Nf6 13. Nge4 O-O 14. Nxf6+
Bxf6 15. O-O cxd4 16. exd4 a6 17. Be4 Rab8 18. Bf3 Be6 19. b4 Rfc8 20. Ne4 Bg7
21. Ng5 Bc4 22. Rfe1 h6 23. Ne4 Kf8 24. Nd2 Be6 25. Re2 Bd7 26. Rae1 Re8 27. Nb3
Bb5 28. Re3 e6 29. Na5 d5 30. Be2 Bd7 31. Bd3 Rec8 32. Nb3 Kg8 33. Nc5 Be8 34.
R3e2 Rc7 35. f4 Ra8 36. Ra1 Rac8 37. g4 Bd7 38. f5 gxf5 39. gxf5 exf5 40. Nxd7
Rxd7 41. Bxf5 Rdc7 42. Bxc8 Rxc8 43. Re7 Rb8 44. Rae1 Kf8 45. Rd7 Bf6 46. Rxd5
Kg7 47. Rd7 b5 48. Ra7 Rb6 49. Re8 Bg5 50. Rea8 Re6 51. Rxa6 Re2 52. Rb6 Bf4 53.
Ra1 Rxb2 54. Rxb5 Bd2 55. d5 Bxc3 56. Rf1 Bd4+ 57. Kh1 Kg6 58. d6 f6 59. d7 1-0

[Event "Titled Tue 10th Jun Late"]
[Site "chess.com INT"]
[Date "2025.06.10"]
[Round "9"]
[White "Xiong, Jeffery"]
[Black "Rustamov, Rustam"]
[Result "1-0"]
[WhiteTitle "GM"]
[BlackTitle "FM"]
[WhiteElo "2639"]
[BlackElo "2334"]
[WhiteFideId "2047640"]
[BlackFideId "13440110"]
[EventDate "2025.06.10"]

1. e4 c5 2. Nf3 d6 3. Nc3 Nf6 4. d4 cxd4 5. Qxd4 e5 6. Qa4+ Bd7 7. Qb3 Bc6 8.
Bc4 Qb6 9. Bxf7+ Kd8 10. Bg5 Qxb3 11. Bxb3 Nd7 12. O-O-O Be7 13. Bxf6 Nxf6 14.
Nxe5 Kc7 15. Nf3 a6 16. Rhe1 Rae8 17. Nd5+ Nxd5 18. Bxd5 Bd7 19. e5 Rhf8 20. Rd3
Bb5 21. c4 Bd7 22. e6 Bc6 23. Re2 h6 24. Kc2 g5 25. Nd2 Rf4 26. Ne4 g4 27. h3 h5
28. hxg4 hxg4 29. g3 Rf5 30. Re1 Re5 31. Rdd1 Rf8 32. Re2 Rff5 33. Rh1 Bxd5 34.
cxd5 Rxd5 35. Rh7 Kd8 36. Rh8+ Rf8 37. Rxf8+ Bxf8 38. Nc3 Rc5 39. Re4 Rf5 40.
Rf4 Rxf4 41. gxf4 Ke7 42. f5 Kf6 43. Nd5+ Kxf5 44. e7 Bxe7 45. Nxe7+ Ke4 46. Ng8
Kf5 47. Nh6+ Kg5 48. Nf7+ Kf4 49. Kd3 Kf3 50. Nh6 Kf4 51. Kd4 Kg5 52. Nf7+ Kf4
53. Nxd6 Kf3 54. Ne4 b5 55. b4 Kf4 56. Nd2 Kf5 57. Ke3 Kg5 58. Ne4+ Kh4 59. Nc5
Kh3 60. Nxa6 g3 61. fxg3 Kg2 62. Nc7 Kf1 63. Nxb5 1-0

[Event "Titled Tue 10th Jun Late"]
[Site "chess.com INT"]
[Date "2025.06.10"]
[Round "9"]
[White "Danila, Tudor-Gabriel"]
[Black "Shuvalova, Polina"]
[Result "1-0"]
[WhiteTitle "CM"]
[BlackTitle "IM"]
[WhiteElo "2178"]
[BlackElo "2480"]
[WhiteFideId "1274244"]
[BlackFideId "24171760"]
[EventDate "2025.06.10"]

1. e4 c6 2. Nc3 d5 3. Nf3 Bg4 4. h3 Bxf3 5. Qxf3 e6 6. Be2 Nd7 7. d4 dxe4 8.
Nxe4 Ngf6 9. O-O Nxe4 10. Qxe4 Nf6 11. Qd3 Be7 12. c4 O-O 13. Rd1 Qc7 14. Be3
Rfd8 15. Qc2 Rd7 16. Bf3 Rad8 17. b3 Bd6 18. g3 g6 19. Kg2 Ne8 20. h4 h5 21.
Rac1 Ng7 22. Bg5 Be7 23. Bf4 Bd6 24. Bg5 Be7 25. Bf4 Qa5 26. d5 cxd5 27. cxd5
Qb6 28. Bc7 Rxc7 29. Qxc7 Qb4 30. d6 Bf6 31. d7 Nf5 32. Qxb7 Qa3 33. Rc8 Kg7 34.
Rxd8 Bxd8 35. Qc8 Qa5 36. b4 Qb6 37. Qc3+ Kh7 38. a4 Be7 39. a5 Qb8 40. b5 Nd6
41. Qc6 e5 42. b6 axb6 43. axb6 f5 44. b7 e4 45. Be2 f4 46. Qc8 f3+ 47. Bxf3
exf3+ 48. Kxf3 Qxb7+ 49. Qxb7 Nxb7 50. Re1 Bf6 51. Re6 Kg7 52. Rb6 Nd8 53. Ke4
Kf7 54. Rb1 Ke6 55. Rd1 Ke7 56. f4 Ne6 57. f5 Nc5+ 58. Kf4 gxf5 59. Kxf5 Bg7 60.
Kg6 Nxd7 61. Rxd7+ Kxd7 62. Kxg7 Ke6 63. Kg6 1-0

[Event "Titled Tue 10th Jun Late"]
[Site "chess.com INT"]
[Date "2025.06.10"]
[Round "9"]
[White "Pakleza, Zbigniew"]
[Black "Nepomniachtchi, Ian"]
[Result "1-0"]
[WhiteTitle "GM"]
[BlackTitle "GM"]
[WhiteElo "2484"]
[BlackElo "2757"]
[WhiteFideId "1119290"]
[BlackFideId "4168119"]
[EventDate "2025.06.10"]

1. d4 f5 2. Nf3 g6 3. c4 Bg7 4. Nc3 Nf6 5. e3 O-O 6. b4 d6 7. Be2 e5 8. O-O Nbd7
9. dxe5 dxe5 10. Qb3 h6 11. Rd1 e4 12. c5+ Kh7 13. Nd4 Ne5 14. Nxf5 Bxf5 15.
Rxd8 Raxd8 16. Nb5 Bg4 17. Bf1 Bd1 18. Qe6 Nfg4 19. Bb2 Rd2 20. Bxe5 Nxe5 21.
Nd4 Bg4 22. Qe7 Rfxf2 23. h3 Rf7 24. Qh4 Bd7 25. Qxe4 c6 26. a4 a6 27. Re1 Rb2
28. b5 axb5 29. axb5 cxb5 30. Qxb7 Bc6 31. Qb8 Be4 32. Rc1 Nd3 33. Bxd3 Bxd3 34.
Qe8 Rff2 35. Qa8 Ra2 36. Qb7 b4 37. Rd1 Ba6 38. Qd5 b3 39. Nxb3 Bc4 40. Qxc4
Rxg2+ 41. Kh1 Rh2+ 42. Kg1 Rag2+ 43. Kf1 Rf2+ 44. Kg1 Rfg2+ 45. Kf1 Rc2 46. Qd5
Rxh3 47. c6 Rxe3 48. Nd4 Rcc3 49. Ne6 Rf3+ 50. Kg2 Rg3+ 51. Kf2 Rh3 52. Nxg7
Rh2+ 53. Kg1 Rhc2 54. Ne6 g5 55. Qe4+ Kg8 56. c7 Kf7 57. Qf5+ Ke7 58. Nd4 Rc1
59. Rxc1 Rxc1+ 60. Kf2 Rxc7 61. Qe5+ Kd7 62. Qe6+ Kd8 63. Nc6+ Rxc6 64. Qxc6 1-0

[Event "Titled Tue 10th Jun Late"]
[Site "chess.com INT"]
[Date "2025.06.10"]
[Round "9"]
[White "Salinas Herrera, Pablo"]
[Black "Schernthaner, David"]
[Result "0-1"]
[WhiteTitle "GM"]
[BlackTitle "FM"]
[WhiteElo "2447"]
[BlackElo "2401"]
[WhiteFideId "3407128"]
[BlackFideId "1649574"]
[EventDate "2025.06.10"]

1. d4 g6 2. e4 Bg7 3. Nf3 a6 4. Be2 c5 5. dxc5 Qa5+ 6. Nc3 Qxc5 7. O-O d6 8. Nd5
Nd7 9. Be3 Qc6 10. Nd4 Bxd4 11. Qxd4 Ngf6 12. Bh6 e5 13. Qd1 Nxd5 14. exd5 Qb6
15. Rb1 Qa5 16. b4 Qxa2 17. c4 b6 18. Bd3 a5 19. Qf3 axb4 20. Rxb4 Ra3 21. Qd1
Ra5 22. Kh1 Ba6 23. Be3 O-O 24. Bxb6 Nxb6 25. Rxb6 Rd8 26. Rc6 Rc5 27. Rxc5 dxc5
28. Qc1 Rb8 29. Qe3 Bxc4 30. Bxc4 Qxc4 31. Rd1 Qxd5 32. Qc1 Qc6 33. Qc4 Qb5 34.
Qc3 c4 35. h3 Qb3 36. Qe1 c3 37. Kh2 c2 38. Rc1 Qb2 39. Qe3 Rc8 40. h4 Qd4 41.
Qg5 Qf4+ 42. Kh3 Qxg5 43. hxg5 Rc3+ 44. Kg4 f5+ 45. gxf6 Kf7 46. Kg5 h5 47. f3
Rc4 48. g3 Rc3 49. f4 Rxg3+ 50. Kh6 Rc3 51. fxe5 h4 52. e6+ Kxf6 53. e7 Kxe7 54.
Kg5 h3 55. Kh6 h2 56. Kg7 h1=Q 57. Rxh1 c1=Q 58. Rh7 Qf4 59. Kg8+ Ke6 60. Ra7
Rc8+ 61. Kg7 Qf6+ 0-1

[Event "Titled Tue 10th Jun Late"]
[Site "chess.com INT"]
[Date "2025.06.10"]
[Round "9"]
[White "Perez, Maximiliano"]
[Black "Timmermans, Mark"]
[Result "1/2-1/2"]
[WhiteTitle "IM"]
[BlackTitle "IM"]
[WhiteElo "2362"]
[BlackElo "2405"]
[WhiteFideId "117234"]
[BlackFideId "1026399"]
[EventDate "2025.06.10"]

1. Nf3 Nf6 2. g3 e6 3. Bg2 d5 4. O-O Be7 5. d3 O-O 6. Nbd2 b5 7. e4 Bb7 8. Re1
c5 9. e5 Nfd7 10. c4 dxc4 11. dxc4 b4 12. Qc2 Nc6 13. Ne4 Ndxe5 14. Nxe5 Nxe5
15. Ng5 Bxg5 16. Bxb7 Rb8 17. Rxe5 Bxc1 18. Be4 Qd4 19. Bxh7+ Kh8 20. Re4 Qxb2
21. Rh4 Qxc2 22. Bxc2+ Bh6 23. Rh5 f5 24. g4 fxg4 25. Rxc5 Rfc8 26. Rxc8+ Rxc8
27. Bb3 a5 28. Re1 Rc6 29. Re5 a4 30. Bxa4 Rxc4 31. Rxe6 Bf4 32. Bb3 Rd4 33. Kg2
Kh7 34. Bc2+ Kg8 35. Bg6 Rd8 36. Re4 Bd2 37. Rxg4 Bc3 38. Bc2 Kf7 39. Bb3+ Kf6
40. h4 Rd4 41. f3 Rd2+ 42. Kf1 Rh2 43. Kg1 Rb2 44. h5 Bd2 45. Rg6+ Kf5 46. Rxg7
Be3+ 47. Kh1 Bf4 48. Rg2 Rb1+ 49. Rg1 Rb2 50. Rg2 Rb1+ 51. Rg1 Rb2 52. Rd1 Rh2+
53. Kg1 Rxh5 54. Rd5+ Be5 55. Bc2+ Ke6 56. Rd3 Rh2 57. Bb3+ Kf6 58. f4 Bxf4 59.
Rf3 Rh4 60. Kg2 Ke5 61. Rd3 Rh2+ 62. Kf3 Rh3+ 63. Ke2 Rh2+ 64. Kf3 Rh3+ 65. Ke2
Rh7 66. Kf3 Rh3+ 1/2-1/2

[Event "Titled Tue 10th Jun Late"]
[Site "chess.com INT"]
[Date "2025.06.10"]
[Round "9"]
[White "Ermachenko, Manuel"]
[Black "Davtyan, Artur"]
[Result "0-1"]
[WhiteTitle "CM"]
[BlackTitle "IM"]
[WhiteElo "2277"]
[BlackElo "2472"]
[WhiteFideId "24560952"]
[BlackFideId "13308327"]
[EventDate "2025.06.10"]

1. e4 e5 2. Nf3 Nc6 3. d4 exd4 4. Nxd4 Qf6 5. Be3 Bc5 6. c3 Nge7 7. Bc4 O-O 8.
O-O b6 9. Na3 Bxa3 10. bxa3 Na5 11. Be2 d5 12. Nb5 dxe4 13. Nxc7 Rb8 14. c4 Bb7
15. Nb5 Ba6 16. a4 Nf5 17. Qc2 Bxb5 18. axb5 Rfe8 19. Rad1 Nb7 20. Rd7 Qe6 21.
Rfd1 h6 22. h3 Red8 23. R7d5 Rxd5 24. cxd5 Nxe3 25. fxe3 Qe7 26. Rc1 Nc5 27. Bc4
Rd8 28. Rd1 h5 29. Rf1 Rd6 30. Qf2 g6 31. Qg3 Kg7 32. h4 Nd7 33. Qf4 Rf6 34. d6
Qf8 35. Qxe4 Rxf1+ 36. Bxf1 Qxd6 37. Bc4 Nf6 38. Qd4 Qxd4 39. exd4 Ng4 40. Be2
Ne3 41. Bd3 Kf6 42. Kf2 Nd5 43. a3 Ke7 44. Bc4 Kd6 45. Kf3 f5 46. g3 Nc3 47. Kf4
Ne4 48. Bf7 Nc3 49. Be8 Ke7 50. Bc6 Kf6 51. d5 Ne4 52. Ba8 Nd6 53. a4 Nc4 54.
Bc6 Nd6 55. Ke3 Ke5 56. Kd3 Ne4 57. Be8 Nxg3 58. Bxg6 Kxd5 59. Ke3 Ke5 60. Be8
f4+ 61. Kf3 Nf5 62. Bxh5 Nxh4+ 63. Kg4 Nf5 64. Be8 Nd4 65. Kh3 Ke4 66. Kg2 Ke3
67. Kf1 f3 68. Bc6 f2 69. Kg2 Nb3 70. Kh2 Nd2 0-1

[Event "Titled Tue 10th Jun Late"]
[Site "chess.com INT"]
[Date "2025.06.10"]
[Round "9"]
[White "Dubnevych, Maksym"]
[Black "Paszewski, Mateusz"]
[Result "1-0"]
[WhiteTitle "FM"]
[BlackTitle "FM"]
[WhiteElo "2296"]
[BlackElo "2361"]
[WhiteFideId "14184001"]
[BlackFideId "1141058"]
[EventDate "2025.06.10"]

1. Nc3 d5 2. e4 e6 3. d4 dxe4 4. Nxe4 Nd7 5. Nf3 Ngf6 6. Bd3 c5 7. O-O Nxe4 8.
Bxe4 Nf6 9. Bd3 cxd4 10. Nxd4 Bc5 11. Nb3 Bd6 12. Qf3 Qc7 13. h3 Bd7 14. Re1 Bc6
15. Qe2 O-O-O 16. Be3 Kb8 17. Nd4 g5 18. Nxc6+ Qxc6 19. Bd4 Bh2+ 20. Kxh2 Rxd4
21. Kg1 Qc7 22. Rad1 Rhd8 23. g3 h5 24. Qf3 Qe7 25. Qe3 g4 26. h4 Ka8 27. Qg5
R4d5 28. Re5 Rxe5 29. Qxe5 Rd5 30. Qe3 Qd6 31. Re1 Nd7 32. Be4 Rd1 33. Kh2 Rxe1
34. Qxe1 f5 35. Bg2 Ne5 36. Qe3 Kb8 37. Qh6 Nc4 38. Qh8+ Kc7 39. Qc3 b5 40. b3
Qe5 41. Qd3 Nd6 42. Qd2 Kb6 43. a4 bxa4 44. Qb4+ Kc7 45. Qxa4 Qc5 46. c4 Kd8 47.
Qa2 Ke7 48. Qd2 Kf7 49. Qf4 a5 50. Qd2 Ke7 51. Qg5+ Kf7 52. Qxh5+ Kf6 53. Qg5+
Kf7 54. Qf4 Ke7 55. h5 Nf7 56. h6 Qe5 57. Qxe5 Nxe5 58. h7 Nf7 59. f4 Kd6 60.
Kg1 Kc5 61. Kf2 Kb4 62. Bc6 Kxb3 63. Bd7 Kxc4 64. Bxe6+ Kd4 65. Bxf7 a4 66.
h8=Q+ 1-0

[Event "Titled Tue 10th Jun Late"]
[Site "chess.com INT"]
[Date "2025.06.10"]
[Round "9"]
[White "Shandrygin, Nikita"]
[Black "Saydaliev, Saidakbar"]
[Result "0-1"]
[WhiteTitle "FM"]
[BlackTitle "IM"]
[WhiteElo "2209"]
[BlackElo "2450"]
[WhiteFideId "24198668"]
[BlackFideId "14203693"]
[EventDate "2025.06.10"]

1. e4 e5 2. Nf3 Nc6 3. d4 exd4 4. c3 Nf6 5. e5 Ne4 6. cxd4 d5 7. exd6 Bxd6 8.
Bd3 Bb4+ 9. Kf1 Nf6 10. Bg5 Be7 11. Nc3 h6 12. Bh4 O-O 13. h3 Nd5 14. Bg3 Be6
15. Kg1 Bf6 16. Be4 Re8 17. Kh2 Nce7 18. Re1 c6 19. Be5 Nxc3 20. bxc3 Nd5 21.
Qc2 Qa5 22. Rac1 Bxe5+ 23. Nxe5 Nf6 24. Bd3 Rac8 25. Qb2 b6 26. c4 Red8 27. Bb1
Nd7 28. Qc2 Nf8 29. Qe4 Qd2 30. Rcd1 Qa5 31. Nxc6 Rxc6 32. Qxc6 Rxd4 33. Qf3
Rxc4 34. g3 Rc3 35. Re3 Rc8 36. a3 Qc5 37. Rde1 Nd7 38. h4 Nf6 39. Rxe6 fxe6 40.
Rxe6 Rf8 41. Re3 Ng4+ 42. Qxg4 Rxf2+ 43. Kh3 Qxe3 44. Ba2+ Kh7 45. Bb1+ Kg8 46.
Ba2+ Kf8 47. Qc8+ Ke7 48. Qc7+ Kf6 49. Qd6+ Kf5 50. Qf8+ Ke5 51. Qe7+ Kd4 52.
Qb4+ Kd3 53. Bc4+ Kc2 54. Bd5 Re2 55. Qc4+ Kd2 56. Qa2+ Ke1 57. Qb1+ Kf2 58.
Qf5+ Kg1 59. Bc4 Rh2+ 60. Kg4 Rf2 61. Qb1+ Kh2 62. Bd5 Qxg3+ 63. Kh5 g6+ 64.
Kxh6 Qxh4+ 65. Kg7 Qf6+ 66. Kg8 Qd8+ 67. Kg7 Qxd5 0-1

[Event "Titled Tue 10th Jun Late"]
[Site "chess.com INT"]
[Date "2025.06.10"]
[Round "9"]
[White "Bustelo, Tabare"]
[Black "Fichter, Fabian"]
[Result "0-1"]
[WhiteTitle "CM"]
[BlackTitle "FM"]
[WhiteElo "2043"]
[BlackElo "2235"]
[WhiteFideId "3000362"]
[BlackFideId "24613258"]
[EventDate "2025.06.10"]

1. d4 Nf6 2. Bg5 d5 3. Bxf6 exf6 4. e3 Bf5 5. Bd3 Bxd3 6. Qxd3 Nd7 7. Nc3 c6 8.
Nf3 Bd6 9. O-O-O O-O 10. Kb1 b5 11. h4 h5 12. Rdg1 b4 13. Ne2 Qc8 14. Nc1 Nb6
15. Qe2 f5 16. Nd2 g6 17. f3 Re8 18. g4 hxg4 19. fxg4 Bf4 20. gxf5 Bxe3 21. Qd3
Bxg1 22. Rxg1 Nc4 23. fxg6 Nxd2+ 24. Qxd2 f6 25. h5 Re7 26. h6 b3 27. Nxb3 a5
28. g7 Qf5 29. a3 a4 30. Nc5 Rae8 31. Ka2 Re2 32. Qb4 Qxc2 33. Nxa4 Rg2 34. Rh1
Rh2 35. Rxh2 Qxh2 36. Qd6 Qxh6 37. Qxf6 Qxg7 38. Qxc6 Qf7 39. Nc5 Re2 40. Qb5
Qf2 41. Qb3 Qxd4 42. Nd7 Qe3 43. Qxd5+ Kg7 44. Qb7 Qe6+ 45. Kb1 Re1+ 46. Kc2
Qe2+ 47. Kb3 Qd3+ 48. Ka4 Re4+ 49. b4 Qc2+ 50. Kb5 Qd3+ 51. Ka5 Qxa3+ 52. Kb5
Rxb4+ 53. Kc6 Rxb7 54. Kxb7 Qb2+ 55. Kc6 Kg6 56. Kd6 Kg5 57. Ne5 Qa3+ 58. Kd5
Kf5 59. Nd3 Qa8+ 60. Kc4 Qa6+ 61. Kd4 Qc8 62. Nc5 Qc6 63. Nd3 Qd6+ 64. Kc3 Ke4
65. Nb2 Qc5+ 66. Kb3 Kd4 67. Na4 Qb5+ 68. Ka3 Kc4 69. Nb2+ Kc3 70. Na4+ Kc2 71.
Ka2 Qxa4# 0-1

[Event "Titled Tue 10th Jun Late"]
[Site "chess.com INT"]
[Date "2025.06.10"]
[Round "9"]
[White "Maghsoodloo, Parham"]
[Black "Deac, Bogdan-Daniel"]
[Result "1-0"]
[WhiteTitle "GM"]
[BlackTitle "GM"]
[WhiteElo "2691"]
[BlackElo "2674"]
[WhiteFideId "12539929"]
[BlackFideId "1226380"]
[EventDate "2025.06.10"]

1. d4 Nf6 2. c4 e6 3. Nc3 Bb4 4. e3 O-O 5. Ne2 Re8 6. a3 Bf8 7. d5 a5 8. b3 Na6
9. Bb2 Nc5 10. Ng3 d6 11. Be2 g6 12. Qc2 Bg7 13. Rd1 h5 14. h4 Bd7 15. Ba1 exd5
16. cxd5 Qe7 17. Bf3 Ng4 18. Nce2 Bxa1 19. Rxa1 Ne5 20. Rd1 Qf6 21. Nd4 b5 22.
Be2 b4 23. a4 Ng4 24. Bxg4 Bxg4 25. Rd2 Re5 26. Nc6 Ree8 27. Rd4 Bd7 28. O-O
Bxc6 29. dxc6 Re5 30. Ne2 Rae8 31. Rf4 Qe6 32. Nd4 Qe7 33. Rd1 Re4 34. Nb5 Rxf4
35. exf4 Qd8 36. f5 Kg7 37. fxg6 fxg6 38. g3 Kh7 39. Qc4 Qe7 40. Qd5 Kg7 41.
Qd4+ Kh7 42. Qd5 Rf8 43. Kf1 Re8 44. Kg2 Kg7 45. Rd4 Rf8 46. Qc4 Rf5 47. Rf4
Rxf4 48. Qxf4 Nxb3 49. Qf3 Nc5 50. Qd5 Nxa4 51. Nd4 Nc5 52. Nb5 a4 53. Qd4+ Kh7
54. Qxb4 Qf7 55. Kg1 Qb3 56. Qa5 Ne6 57. Nxc7 Qb1+ 58. Kh2 Qc2 59. Qa7 Ng7 60.
Ne8 Qb2 61. Nxg7 Qxg7 62. Qxg7+ Kxg7 63. c7 1-0

[Event "Titled Tue 10th Jun Late"]
[Site "chess.com INT"]
[Date "2025.06.10"]
[Round "9"]
[White "Saidov, Bilukhadzh"]
[Black "Guerra Mendez, Jose Angel"]
[Result "1-0"]
[WhiteTitle "FM"]
[BlackTitle "GM"]
[WhiteElo "2309"]
[BlackElo "2478"]
[WhiteFideId "34165476"]
[BlackFideId "3508129"]
[EventDate "2025.06.10"]

1. d4 Nf6 2. Nf3 g6 3. Nc3 Bg7 4. e4 d6 5. Bg5 O-O 6. Qd2 Bg4 7. Be2 Nc6 8. d5
Bxf3 9. Bxf3 Ne5 10. Be2 c6 11. O-O Rc8 12. Rad1 cxd5 13. Bxf6 Bxf6 14. Nxd5 Bg7
15. c3 Nc4 16. Bxc4 Rxc4 17. Qd3 Rc6 18. Qb5 Qd7 19. Rfe1 Rd8 20. f3 e6 21. Ne3
Rb6 22. Qxd7 Rxd7 23. Re2 Rc6 24. Kf2 Kf8 25. Nc2 Ke7 26. Red2 a6 27. Rd3 b5 28.
g3 a5 29. a3 h5 30. f4 Rb7 31. Kf3 Bf8 32. R1d2 Ke8 33. h3 Be7 34. g4 hxg4+ 35.
hxg4 Kd7 36. Rh2 Rc8 37. Rh7 Rf8 38. Nd4 b4 39. cxb4 axb4 40. a4 b3 41. Nb5 g5
42. f5 Rb6 43. Rxb3 Bf6 44. fxe6+ Kxe6 45. Nc7+ Kd7 46. Rxb6 Kxc7 47. Rb5 Kc6
48. Rh2 Ra8 49. b3 Kd7 50. Rh6 Be5 51. Rh7 Ke6 52. a5 Bc3 53. Rh6+ f6 54. b4 Bd4
55. Rh7 Rc8 56. a6 Rc3+ 57. Ke2 Re3+ 58. Kd2 Ra3 59. Ra5 Rg3 60. a7 Bxa7 61.
Raxa7 Ke5 62. Rhf7 Rxg4 63. Rae7+ Kd4 64. Rxf6 Rg2+ 65. Ke1 Ke3 66. Kf1 Rb2 67.
Rxd6 g4 68. Rg6 Kf3 69. Rf7+ Kg3 70. e5 1-0

[Event "Titled Tue 10th Jun Late"]
[Site "chess.com INT"]
[Date "2025.06.10"]
[Round "9"]
[White "Norman, Kseniya"]
[Black "Melian, Juan Sebastian"]
[Result "1-0"]
[WhiteTitle "WFM"]
[BlackTitle "FM"]
[WhiteElo "2069"]
[BlackElo "2358"]
[WhiteFideId "13518780"]
[BlackFideId "3706575"]
[EventDate "2025.06.10"]

1. e4 d6 2. d4 Nf6 3. Nc3 e5 4. Nf3 Nbd7 5. Bc4 Be7 6. O-O O-O 7. a4 c6 8. Re1
h6 9. a5 Re8 10. h3 Qc7 11. Bb3 Bf8 12. Nh4 exd4 13. Qxd4 Nc5 14. Ba2 d5 15.
Bxh6 Nfxe4 16. Be3 g6 17. Nxe4 Nxe4 18. Qd1 Bd7 19. c4 dxc4 20. Bxc4 Be6 21.
Bxe6 Rxe6 22. Nf3 Rd8 23. Qb3 c5 24. Rec1 Rc6 25. Ra4 Nd6 26. Ne5 c4 27. Qc2 Rc5
28. Bxc5 Qxc5 29. Nxc4 Nb5 30. Ne3 Qg5 31. Rg4 Qf6 32. Qe4 Nd4 33. Kh1 Ne6 34.
Nd5 Qxb2 35. Rf1 Bg7 36. f4 Nc5 37. Qf3 Qd4 38. Ne7+ Kf8 39. f5 Kxe7 40. Rxd4
Bxd4 41. fxg6 fxg6 42. Qe2+ Ne6 43. Re1 Rd6 44. Qg4 Kf7 45. Rf1+ Bf6 46. Qe4 Nc5
47. Qc4+ Ne6 48. g4 g5 49. h4 Ke7 50. h5 Rd4 51. Qc8 Rxg4 52. Qxb7+ Kd6 53. Rd1+
Bd4 54. Qb4+ Ke5 55. Qb8+ Kd5 56. Re1 Rh4+ 57. Kg2 Nf4+ 58. Kf3 Rh3+ 59. Kg4 Rc3
60. Qd8+ Kc4 61. Re4 Rd3 62. Qc7+ Kd5 63. Kxg5 Kxe4 64. Qxf4+ Kd5 65. Qf5+ Kc4
66. Kg6 Rg3+ 67. Kf7 Re3 68. Qc8+ Kd3 69. h6 Rf3+ 70. Kg6 Rg3+ 71. Kf5 Rf3+ 72.
Kg4 Re3 73. Qf5+ Re4+ 74. Kf3 1-0

[Event "Titled Tue 10th Jun Late"]
[Site "chess.com INT"]
[Date "2025.06.10"]
[Round "9"]
[White "Aranda, Juan Manuel"]
[Black "Sakmak, Kutay"]
[Result "0-1"]
[WhiteTitle "CM"]
[BlackTitle "CM"]
[WhiteElo "2134"]
[BlackElo "2158"]
[WhiteFideId "160458"]
[BlackFideId "44581939"]
[EventDate "2025.06.10"]

1. Nf3 Nf6 2. g3 g6 3. Bg2 Bg7 4. O-O O-O 5. d3 c5 6. e4 Nc6 7. Nc3 d6 8. a4 Rb8
9. Nd2 a6 10. Nc4 b5 11. axb5 axb5 12. e5 Ne8 13. Bxc6 bxc4 14. dxc4 Bxe5 15.
Bh6 Ng7 16. Qc1 Bb7 17. Bxb7 Rxb7 18. Ra2 Bxc3 19. bxc3 Qc7 20. Re1 Rfb8 21.
Bxg7 Kxg7 22. Qg5 Rb1 23. Ra1 Rxa1 24. Rxa1 h6 25. Qe3 Rb2 26. Qe4 Qb7 27. Qxb7
Rxb7 28. Kf1 Rb2 29. Rc1 Kf6 30. Ke2 Ra2 31. Kd3 e6 32. Rb1 Ra4 33. f3 Ra3 34.
Rb6 Ke5 35. f4+ Kf6 36. Rxd6 Ra1 37. Rc6 Rh1 38. Rxc5 Rxh2 39. Re5 g5 40. c5
gxf4 41. gxf4 Rh1 42. c6 Rd1+ 43. Kc4 Ke7 44. Kc5 Kd8 45. Rh5 Kc7 46. Rxh6 Rd5+
47. Kc4 Rf5 48. Rh4 Kxc6 49. Kd4 Rd5+ 50. Ke4 Kd6 51. Rh7 Rf5 52. c4 Kc5 53. Rh8
Kxc4 54. Rc8+ Kb5 55. c4+ Kb6 56. Ke3 Kb7 57. Rf8 Kc6 58. Ke4 Kd7 59. Ra8 Ke7
60. Ra7+ Kf6 61. Rc7 Ra5 62. c5 Ra4+ 63. Kf3 Rc4 64. Kg4 e5 65. c6 Rxf4+ 66. Kg3
Rc4 67. Kf3 Ke6 68. Rc8 f5 69. Re8+ Kd6 70. Rf8 Rc3+ 71. Ke2 f4 72. Rf6+ Kd5 73.
c7 Rxc7 74. Kf3 Rc3+ 75. Kg4 Rg3+ 76. Kh4 Rg1 77. Rf7 Ke4 78. Rd7 f3 79. Kh3 f2
80. Kh2 Rg8 81. Rf7 Ke3 82. Kh3 e4 83. Kh2 Ke2 84. Rf4 e3 85. Re4 Rg2+ 86. Kh3
f1=Q 0-1